TB. OF NURSING RESEARSH (Record no. 2444)

MARC details
000 -LEADER
fixed length control field 00316nam a2200133Ia 4500
008 - FIXED-LENGTH DATA ELEMENTS--GENERAL INFORMATION
fixed length control field 150201s2012 xx 000 0 und d
082 ## - DEWEY DECIMAL CLASSIFICATION NUMBER
Classification number 610.72
Item number N12Y
100 ## - MAIN ENTRY--PERSONAL NAME
Personal name YADAV, MANOJ KUMAR
245 ## - TITLE STATEMENT
Title TB. OF NURSING RESEARSH
260 ## - PUBLICATION, DISTRIBUTION, ETC. (IMPRINT)
Name of publisher, distributor, etc. LOTUS PUB.
Date of publication, distribution, etc. 2012
300 ## - PHYSICAL DESCRIPTION
Extent 340
650 ## - SUBJECT ADDED ENTRY--TOPICAL TERM
Topical term or geographic name as entry element RESEARCH
942 ## - ADDED ENTRY ELEMENTS (KOHA)
Source of classification or shelving scheme Dewey Decimal Classification
Koha item type Books
Koha issues (borrowed), all copies 10
Holdings
Withdrawn status Lost status Source of classification or shelving scheme Damaged status Not for loan Collection code Home library Current library Shelving location Date acquired Source of acquisition SGTU Bill Number Total Checkouts Full call number Barcode Date last seen Date last checked out Bill Date Koha item type
    Dewey Decimal Classification     NURSING SGT Medical Library SGT Medical Library Text Book 29/11/2014 KUMAR BOOK DEPO SGTU 400 14 610.72 N12Y FN2348 13/08/2024 20/02/2024 29/11/2014 Books